Teoretické zásady prestavby sústavy riadenia investičného procesu v podmienkach intenzifikácie ekonomiky 2. záverečná etapa SPEV 902 004
Uložené v:
| Médium: | Kniha |
|---|---|
| Jazyk: | Slovak |
| Vydavateľské údaje: |
Bratislava
VŠE
1985
|
| Tagy: |
Žiadne tagy, Buďte prvý, kto otaguje tento záznam!
|
MARC
| LEADER | 00000nam a2200000 4500 | ||
|---|---|---|---|
| 001 | c035015 | ||
| 005 | 20260326072353.6 | ||
| 041 | 0 | |a slo | |
| 044 | |a SK | ||
| 245 | 1 | 0 | |a Teoretické zásady prestavby sústavy riadenia investičného procesu v podmienkach intenzifikácie ekonomiky |b 2. záverečná etapa SPEV 902 004 |
| 264 | 1 | |a Bratislava |b VŠE |c 1985 | |
| 300 | |a 97 s. | ||